| 000 | 00000nam##2200000za#4500 |
| 001 | 9.631449 |
| 003 | CaOODSP |
| 005 | 20210624214331 |
| 007 | cr ||||||||||| |
| 008 | 150407|2004||||xxc|||||o f|0| 0 fre|d |
| 020 | |a0-662-76758-6 |
| 040 | |aCaOODSP|bfre |
| 043 | |an-cn--- |
| 086 | 1 |aEn154-24/2004F-PDF |
| 110 | 2 |aService canadien de la faune. |
| 245 | 10|aPlan québécois de gestion de l'Eider à duvet (Somateria mollissima dresseri) / |h[ressource électronique]|cpar le Groupe conjoint de travail sur la gestion de l'Eider à duvet. |
| 260 | |aSainte-Foy - Québec : |bEnvironnement Canada. |cc2004. |
| 300 | |a48p.|bcartes en couleur, figure, graphiques, références, photographies |
| 500 | |aLe n° de catalogue (En154-24/2004F) et l'ISBN (0-662-76757-8) de l'édition imprimée ont été incorrectement copiés dans l'édition électronique. |
| 590 | |a14-08-Supp|b2014-04-10 |
| 691 | 07|aConservation de l'environnement|2gcpds |
| 691 | 07|aOiseau aquatique|2gcpds |
| 775 | 08|tQuébec management plan for the Common Eider (Somateria mollissima dresseri) / |w(CaOODSP)9.686987 |
| 856 | 40|ahttp://publications.gc.ca|qPDF|s2.18 Mo|uhttps://publications.gc.ca/collections/collection_2014/ec/En154-24-2004-fra.pdf |